Thesaurus : (Record no. 122957)

MARC details
000 -LEADER
fixed length control field 00629nam a22002057a 4500
005 - DATE AND TIME OF LATEST TRANSACTION
control field 20170124105918.0
010 ## - LIBRARY OF CONGRESS CONTROL NUMBER
LC control number B-099939
020 ## - INTERNATIONAL STANDARD BOOK NUMBER
International Standard Book Number 8175641029
Terms of availability 150.00
035 ## - SYSTEM CONTROL NUMBER
System control number B-099939
037 ## - SOURCE OF ACQUISITION
Source of stock number/acquisition Cen Lib/Ret
040 ## - CATALOGING SOURCE
Original cataloging agency DPL
Language of cataloging EN
082 ## - DEWEY DECIMAL CLASSIFICATION NUMBER
Classification number 483
Item number THE
245 ## - TITLE STATEMENT
Title Thesaurus :
Remainder of title a dictionary of modern words /
Statement of responsibility, etc compiled by Sudesh Puri
260 ## - PUBLICATION, DISTRIBUTION, ETC. (IMPRINT)
Place of publication, distribution, etc Delhi
Name of publisher, distributor, etc Sahni Publications
Date of publication, distribution, etc 2006
270 ## - ADDRESS
Address 4777, Dr. Mitra Gali, Roshanara Road
City Delhi
Postal code 110007
300 ## - PHYSICAL DESCRIPTION
Extent 388p.:
Dimensions 2cm(pbk)
650 ## - SUBJECT ADDED ENTRY--TOPICAL TERM
Topical term or geographic name as entry element English Dictionary
Form subdivision Thesaurus
9 (RLIN) 106810
700 ## - ADDED ENTRY--PERSONAL NAME
Personal name Puri, Sudesh
9 (RLIN) 106811
942 ## - ADDED ENTRY ELEMENTS (KOHA)
Source of classification or shelving scheme Dewey Decimal Classification
Koha item type English Books
Classification part 483
Call number suffix THE
Holdings
Withdrawn status Lost status Damaged status Not for loan Collection code Home library Current library Date acquired Source of acquisition Cost, normal purchase price Total Checkouts Full call number Barcode Date last seen Copy number Cost, replacement price Price effective from Koha item type
      Not For Loan Reference Central Library Central Library 01/06/2015 Cen Lib/Ret 150.00   483 THE B-099939 01/06/2015 1 150.00 15/09/2016 English Books

© Delhi Public Library
Hit Counter
free hit counter